000 00691nam a22002057a 4500
999 _c17955
_d17955
003 OSt
005 20231027135103.0
008 230207b ||||| |||| 00| 0 eng d
040 _c0
082 _aDPer 510.5 Am351 October - December 2021 v143 no. 5-6
100 _aLiu, Bochen.
_eauthor.
_947835
245 _aPeriodic structure of translational multi-tilings in the plane /
_cBochen Liu
260 _aBaltimore, Maryland U.S.,
_bJohns Hopkins University Press,
_cDecember 2021.
300 _avolume 143, pages 1841-1862.
650 _aMeasurement.
_947836
650 _aFunctions.
_947837
650 _aGeometry.
_947838
700 _aLiu, Bochen.
_eauthor.
_947835
942 _2ddc
_cPER